20 Countries with Geographical Center closest to the Tropic of Capricorn - Statistics

General Stats
  • This quiz has been taken 52 times
  • The average score is 18 of 20
Answer Stats
LAT COUNTRY % Correct
-25.8 Australia
96%
-17.3 Mozambique
96%
-13.5 Zambia
96%
-19.1 Zimbabwe
96%
-12.4 Angola
94%
-19.4 Madagascar
94%
-22.1 Namibia
94%
-26.7 Swaziland
94%
-22.3 Botswana
92%
-29.7 Lesotho
92%
-29.1 South Africa
92%
-18.0 Fiji
90%
-23.2 Paraguay
88%
-32.9 Uruguay
88%
-20.0 Tonga
85%
-16.7 Bolivia
83%
-13.5 Malawi
83%
-16.0 Vanuatu
81%
-20.3 Mauritius
77%
-13.6 Samoa
77%
No matching quizzes found
Score Distribution
Percent of People with Each Score
Percentile by Number Answered
Your Score History
You have not taken this quiz